[Event "Frankfurt Ch A 2015"]
[Site "Ffm-Höchst, BiKuZ"]
[Date "2015.05.11"]
[Round "3.31"]
[White "Kretner, Georg-Ulrich"]
[Black "Fischer, Lutz"]
[Result "1/2-1/2"]
[WhiteElo "1874"]
[BlackElo "1663"]
[PlyCount "51"]
[EventDate "2015.??.??"]
[WhiteTeam "SC Bad Nauheim"]
[BlackTeam "SF Frankfurt"]

1. d4 d5 2. c4 c6 3. Nf3 Nf6 4. Nc3 dxc4 5. e4 b5 6. e5 Nd5 7. a4 e6 8. axb5
Nxc3 9. bxc3 cxb5 10. Ng5 Bb7 11. Qh5 g6 12. Qg4 Be7 13. Be2 Bd5 14. h4 h5 15.
Qf4 Bxg5 16. hxg5 Nc6 17. Rh2 b4 18. cxb4 Nxb4 19. Qd2 a5 20. Ba3 Rb8 21. Rc1
O-O 22. Kf1 Qb6 23. Bxh5 gxh5 24. Rxh5 Nd3 25. g6 fxg6 26. Rh8+ 1/2-1/2

[Event "Frankfurt Ch A 2015"]
[Site "Ffm-Höchst, BiKuZ"]
[Date "2015.05.11"]
[Round "3.32"]
[White "Kalepky, Helmut"]
[Black "Zerhusen, Martin"]
[Result "1-0"]
[WhiteElo "1872"]
[BlackElo "1596"]
[PlyCount "91"]
[EventDate "2015.??.??"]
[WhiteTeam "SF Heidesheim"]
[BlackTeam "SV Oberursel"]

1. d4 d5 2. Nf3 Nf6 3. c4 c6 4. Nc3 e6 5. e3 Be7 6. Bd3 O-O 7. O-O b6 8. b3 Bb7
9. Qc2 Nbd7 10. Bb2 h6 11. Rfd1 Rc8 12. Qe2 c5 13. cxd5 Nxd5 14. Nxd5 Bxd5 15.
Ba6 Rc7 16. e4 Bb7 17. Bxb7 Rxb7 18. dxc5 Bxc5 19. Ne5 Qe8 20. Qg4 Nxe5 21.
Bxe5 f6 22. Bd6 Bxd6 23. Rxd6 e5 24. Rc1 Kh7 25. h3 Qg6 26. Qe2 Qg5 27. Qc4 Qf4
28. Rc3 Qg5 29. Rg3 Qh5 30. Rgd3 Qf7 31. Qb5 Re8 32. R3d5 Ree7 33. Qe2 Rbc7 34.
Kh2 Red7 35. Qf3 Rxd6 36. Rxd6 Qg6 37. Qd3 Qf7 38. g3 Qe7 39. Rd5 Kg8 40. h4
Qe6 41. Qd1 Kh7 42. h5 Re7 43. Rd6 Qf7 44. Qg4 Re8 45. Rd7 Re7 46. Qg6+ 1-0

[Event "Frankfurt Ch A 2015"]
[Site "Ffm-Höchst, BiKuZ"]
[Date "2015.05.11"]
[Round "3.34"]
[White "Cichon, Jörg"]
[Black "Stock, Jürgen"]
[Result "0-1"]
[WhiteElo "1581"]
[BlackElo "1867"]
[PlyCount "52"]
[EventDate "2015.??.??"]
[WhiteTeam "SF Mainz"]
[BlackTeam "SC Eschborn"]

1. e4 e6 2. d4 d5 3. Nc3 Nf6 4. Bg5 Be7 5. Bxf6 Bxf6 6. e5 Be7 7. Qg4 O-O 8.
Bd3 c5 9. dxc5 Nc6 10. f4 f5 11. Qh3 Bxc5 12. O-O-O a6 13. g4 g6 14. Kb1 b5 15.
Nf3 Ra7 16. g5 Qa5 17. Qg3 Nb4 18. Nd2 Rc7 19. Nb3 Qb6 20. a3 Nc6 21. Nxc5 Qxc5
22. h4 Bb7 23. h5 d4 24. hxg6 hxg6 25. Qh4 Rg7 26. Qh8+ Kf7 0-1

[Event "Frankfurt Ch A 2015"]
[Site "Ffm-Höchst, BiKuZ"]
[Date "2015.05.11"]
[Round "3.35"]
[White "Schlumbohm, Nils"]
[Black "Krüger, Till"]
[Result "0-1"]
[WhiteElo "1549"]
[BlackElo "1856"]
[PlyCount "48"]
[EventDate "2015.??.??"]
[WhiteTeam "TSG Nieder-Erlenbach"]
[BlackTeam "SC Nidderau"]

1. c4 g6 2. Nc3 Bg7 3. d4 Nf6 4. e4 d6 5. Nf3 O-O 6. Be2 Nbd7 7. O-O e5 8. d5
Nc5 9. Qc2 a5 10. Bg5 h6 11. Be3 b6 12. Ne1 Qe7 13. Rb1 Nfxe4 14. Nxe4 Nxe4 15.
b3 f5 16. a3 f4 17. Bc1 Nc5 18. g4 fxg3 19. fxg3 Bh3 20. Ng2 Bf5 21. Rxf5 gxf5
22. g4 f4 23. Ne1 e4 24. Bb2 f3 0-1

[Event "Frankfurt Ch A 2015"]
[Site "Ffm-Höchst, BiKuZ"]
[Date "2015.05.11"]
[Round "3.36"]
[White "Kulenovic, Adnan"]
[Black "John, Volkmar"]
[Result "1-0"]
[WhiteElo "1853"]
[BlackElo "1540"]
[PlyCount "91"]
[EventDate "2015.??.??"]
[WhiteTeam "SC Rodenbach"]
[BlackTeam "SK Herborn"]

1. a3 d5 2. e4 dxe4 3. Nc3 e3 4. fxe3 c5 5. Bc4 Nf6 6. Nf3 Nc6 7. O-O e6 8. Qe1
Be7 9. Qh4 O-O 10. Bd3 h6 11. Kh1 a6 12. b3 Nd5 13. Qf2 Nxc3 14. dxc3 Bf6 15.
Bd2 b5 16. e4 Ne5 17. Nxe5 Bxe5 18. Qxc5 Qc7 19. Qxc7 Bxc7 20. c4 bxc4 21. Bxc4
Bb7 22. Rae1 Be5 23. Bf4 Bxf4 24. Rxf4 Rad8 25. Bd3 e5 26. Rff1 Rd4 27. Kg1
Rfd8 28. Rf3 a5 29. Kf2 g6 30. Rf6 Kg7 31. Rb6 R8d7 32. Re2 R4d6 33. Rxd6 Rxd6
34. Ke3 Bc8 35. Rf2 f6 36. b4 axb4 37. axb4 Kf7 38. c4 Rd4 39. b5 Be6 40. c5
Rb4 41. Rc2 Ke7 42. Rc3 Rb3 43. Rxb3 Bxb3 44. b6 Kd7 45. Bb5+ Kc8 46. Be8 1-0

[Event "Frankfurt Ch A 2015"]
[Site "Ffm-Höchst, BiKuZ"]
[Date "2015.05.11"]
[Round "3.37"]
[White "Münstermann, Matthias"]
[Black "Hochmuth, Christian"]
[Result "0-1"]
[WhiteElo "1532"]
[BlackElo "1795"]
[PlyCount "120"]
[EventDate "2015.??.??"]
[WhiteTeam "SK Langen"]
[BlackTeam "SG Wächtersbach"]

1. e4 c6 2. Nf3 d5 3. Nc3 Bg4 4. h3 Bxf3 5. Qxf3 Nf6 6. d3 e6 7. g4 Bb4 8. Bd2
Nbd7 9. g5 Ng8 10. h4 Qb6 11. O-O-O d4 12. Ne2 Bxd2+ 13. Rxd2 Ne7 14. h5 c5 15.
Bh3 Qa5 16. a3 b5 17. g6 hxg6 18. hxg6 Nxg6 19. Rdd1 Ke7 20. Qg3 b4 21. Qg5+
Kd6 22. axb4 Qxb4 23. f4 Rab8 24. b3 Qa3+ 25. Kd2 Qa5+ 26. Kc1 Qa3+ 27. Kd2
Qb4+ 28. Kc1 Ndf8 29. f5 Qa3+ 30. Kd2 Qb4+ 31. c3 dxc3+ 32. Nxc3 Ne5 33. Qxg7
Nfd7 34. Qg3 Rbg8 35. Qf4 Rh4 36. Qf2 Rgh8 37. fxe6 Rxh3 38. Rxh3 Rxh3 39. exd7
Nxd7 40. Qf4+ Kc6 41. Ra1 Qxb3 42. Rb1 Qa3 43. e5 Nb6 44. Qf6+ Kb7 45. Qxf7+
Ka6 46. Qxa7+ Kxa7 47. Nb5+ Kb7 48. Nxa3 Kc6 49. Re1 Nd5 50. Nc4 Kd7 51. Nd6
Nf4 52. Re3 Rh2+ 53. Kc3 Nd5+ 54. Kc4 Nxe3+ 55. Kxc5 Ke6 56. d4 Rc2+ 57. Kb4
Kd5 58. Nb5 Rc4+ 59. Ka5 Rc1 60. Ka4 Nf5 0-1

[Event "Frankfurt Ch A 2015"]
[Site "Ffm-Höchst, BiKuZ"]
[Date "2015.05.11"]
[Round "3.38"]
[White "Reimer, Otto"]
[Black "Thomsen, Walter Matias"]
[Result "1-0"]
[WhiteElo "1791"]
[BlackElo "1418"]
[PlyCount "83"]
[EventDate "2015.??.??"]
[WhiteTeam "SK Bad Homburg"]
[BlackTeam "SC Bad Soden"]

1. e4 e5 2. Nf3 Nc6 3. Bb5 Nf6 4. O-O d6 5. Re1 a6 6. Ba4 b5 7. Bb3 Be6 8. c3
Be7 9. d4 Bxb3 10. Qxb3 exd4 11. cxd4 O-O 12. Qc3 Qd7 13. Nbd2 Rad8 14. d5 Nb8
15. Nd4 Rc8 16. Nf5 c6 17. Qg3 Nh5 18. Qg4 g6 19. dxc6 Rxc6 20. Nxe7+ Qxe7 21.
Nf3 Qe6 22. Qh4 Qd7 23. b3 f6 24. Bb2 Rc2 25. Rab1 Qf7 26. g3 Ng7 27. Red1 Qe7
28. Qf4 Ne8 29. Nd4 Rc7 30. Ba3 Nc6 31. Nxc6 Rxc6 32. Rd2 a5 33. Rbd1 b4 34.
Bb2 g5 35. Qf3 Qe6 36. Qe2 Kg7 37. Rd5 Kg6 38. Rxa5 Nc7 39. Ra4 Rc8 40. Rxb4
Na6 41. Rbd4 Nc7 42. Qd3 1-0

[Event "Frankfurt Ch A 2015"]
[Site "Ffm-Höchst, BiKuZ"]
[Date "2015.05.11"]
[Round "3.39"]
[White "Manasek, Martin"]
[Black "Barisch, Florian"]
[Result "0-1"]
[WhiteElo "1362"]
[BlackElo "1789"]
[PlyCount "48"]
[EventDate "2015.??.??"]
[WhiteTeam "Bad Vilbeler Sfr"]
[BlackTeam "SC Butzbach"]

1. d4 Nf6 2. c4 g6 3. Nc3 Bg7 4. e4 d6 5. Nf3 O-O 6. g3 Bg4 7. Bg2 Nc6 8. O-O
e5 9. dxe5 Nxe5 10. b3 Nxe4 11. Bb2 Nxf3+ 12. Bxf3 Bxf3 13. Qxf3 Nd2 14. Qxb7
Nxf1 15. Rxf1 Qd7 16. Qg2 Rfe8 17. f4 c6 18. Rd1 Re3 19. Na4 Rae8 20. Bxg7 Kxg7
21. Qb2+ Kg8 22. Qd4 Qh3 23. Nc3 Re1+ 24. Rxe1 Rxe1+ 0-1

[Event "Frankfurt Ch A 2015"]
[Site "Ffm-Höchst, BiKuZ"]
[Date "2015.05.11"]
[Round "3.41"]
[White "Bernhardt, Winfried"]
[Black "Orlinski, Wolfgang"]
[Result "0-1"]
[WhiteElo "1385"]
[BlackElo "2004"]
[PlyCount "104"]
[EventDate "2015.??.??"]
[WhiteTeam "SV Nauheim"]
[BlackTeam "SF Frankfurt"]

1. e4 d6 2. Nf3 c5 3. d4 cxd4 4. Nxd4 Nf6 5. Nc3 Nc6 6. Bb5 Bd7 7. O-O g6 8.
Nxc6 bxc6 9. Be2 Bg7 10. Qd3 Rb8 11. Rb1 O-O 12. b3 Qc7 13. Bf4 Bg4 14. f3 Be6
15. Rbd1 Nd7 16. Na4 Ne5 17. Qd2 c5 18. c4 Rfe8 19. Bh6 Bxh6 20. Qxh6 Qa5 21.
f4 Bxc4 22. bxc4 Nd7 23. Rd3 Qxa4 24. Rh3 Nf8 25. f5 f6 26. fxg6 hxg6 27. Bd3
Kf7 28. e5 dxe5 29. Rg3 Ke6 30. Bxg6 Nxg6 31. Qxg6 Red8 32. Qf5+ Kd6 33. Rd3+
Kc7 34. a3 Qxc4 35. Rfd1 Rxd3 36. Rxd3 Rd8 37. Rf3 Rd1+ 38. Kf2 Rf1+ 39. Kg3
Rxf3+ 40. Qxf3 Qd4 41. h4 c4 42. h5 c3 43. Qe2 e4 44. h6 Qd3+ 45. Kf2 c2 46.
Qxd3 exd3 47. h7 c1=Q 48. h8=Q Qf4+ 49. Kg1 d2 50. Qh5 Qe3+ 51. Kh2 Qe5+ 52.
Qxe5+ fxe5 0-1

[Event "Frankfurt Ch A 2015"]
[Site "Ffm-Höchst, BiKuZ"]
[Date "2015.05.11"]
[Round "3.42"]
[White "Marzahn, Heiko"]
[Black "Winter, Olaf"]
[Result "1-0"]
[WhiteElo "2025"]
[BlackElo "1597"]
[PlyCount "49"]
[EventDate "2015.??.??"]
[WhiteTeam "Sfr. Erbach"]
[BlackTeam "SK Bad Homburg"]

1. e4 c5 2. Nf3 Nc6 3. d4 cxd4 4. Nxd4 a6 5. c4 g6 6. Nxc6 bxc6 7. Qd4 f6 8.
Be3 Bg7 9. Nc3 Nh6 10. Be2 Nf7 11. O-O O-O 12. Qd2 d6 13. f4 f5 14. Bf3 Qc7 15.
Rac1 Rb8 16. c5 Rd8 17. cxd6 Rxd6 18. Qf2 fxe4 19. Bxe4 Re6 20. f5 Rxe4 21.
fxg6 Nd6 22. Nxe4 Rxb2 23. gxh7+ Kh8 24. Qg3 Be6 25. Rf8+ 1-0

[Event "Frankfurt Ch A 2015"]
[Site "Ffm-Höchst, BiKuZ"]
[Date "2015.05.11"]
[Round "3.43"]
[White "Egenolf, Dirk"]
[Black "Bergmann, Michael"]
[Result "1-0"]
[WhiteElo "1930"]
[BlackElo "1590"]
[PlyCount "73"]
[EventDate "2015.??.??"]
[WhiteTeam "SK Niederbrechen"]
[BlackTeam "SF Frankfurt"]

1. Nf3 d5 2. g3 Nf6 3. Bg2 g6 4. d3 Bg7 5. O-O O-O 6. c3 c5 7. Nbd2 Nbd7 8. e4
dxe4 9. dxe4 e5 10. Re1 Qc7 11. Nc4 Rd8 12. Qb3 Rb8 13. a4 a6 14. a5 Re8 15.
Ng5 b5 16. axb6 Nxb6 17. Nxb6 Rxb6 18. Qc4 h6 19. Nf3 Be6 20. Qe2 c4 21. Be3
Rc6 22. h3 Nxe4 23. Bxh6 Nxg3 24. fxg3 Bxh6 25. Qxe5 Qxe5 26. Nxe5 Rc5 27. Ng4
Bg7 28. Rxa6 Rb8 29. Ra8 Rxa8 30. Bxa8 Ra5 31. Bf3 Ra2 32. Re2 Bf5 33. Kg2 Bd3
34. Rf2 Ra7 35. Bd5 Re7 36. Nf6+ Bxf6 37. Rxf6 $138 1-0

[Event "Frankfurt Ch A 2015"]
[Site "Ffm-Höchst, BiKuZ"]
[Date "2015.05.11"]
[Round "3.44"]
[White "Leichum, Engelbert"]
[Black "Bittner, Peter"]
[Result "0-1"]
[WhiteElo "1578"]
[BlackElo "1814"]
[PlyCount "102"]
[EventDate "2015.??.??"]
[WhiteTeam "vereinslos"]
[BlackTeam "SC Nied"]

1. e4 c5 2. Nf3 d6 3. Bc4 Nc6 4. Nc3 Nf6 5. d4 cxd4 6. Nxd4 e5 7. Nf3 Be7 8.
Ne2 O-O 9. Ng3 Qc7 10. Bb3 Bg4 11. c3 Rad8 12. O-O d5 13. Qc2 Bxf3 14. gxf3 d4
15. Bg5 h6 16. Bxf6 Bxf6 17. Kh1 d3 18. Qd2 Bg5 19. Qe1 Ne7 20. Rg1 Kh8 21. Qf1
Qc8 22. Nh5 g6 23. Rxg5 hxg5 24. Nf6 Kg7 25. Ng4 f6 26. Qh3 Rh8 27. Qg3 Qc7 28.
Rd1 b5 29. a3 a5 30. Ne3 Rh4 31. Nd5 Nxd5 32. Bxd5 Rdh8 33. Rxd3 Qc5 34. Rd2 b4
35. axb4 axb4 36. c4 Qa7 37. Be6 Qa1+ 38. Kg2 Qc1 39. Rd7+ Kh6 40. b3 Ra8 41.
h3 Ra1 42. Qh2 Qf1+ 43. Kg3 Rd1 44. Rf7 Rf4 45. Rf8 Rd3 46. Rh8+ Kg7 47. Rg8+
Kh7 48. Qg2 Qe2 49. Bg4 Kxg8 50. h4 f5 51. exf5 gxf5 0-1

[Event "Frankfurt Ch A 2015"]
[Site "Ffm-Höchst, BiKuZ"]
[Date "2015.05.11"]
[Round "3.45"]
[White "Kirschner, Matthias"]
[Black "Fischer, Ulrich"]
[Result "0-1"]
[WhiteElo "1573"]
[BlackElo "1740"]
[PlyCount "68"]
[EventDate "2015.??.??"]
[WhiteTeam "SV Nauheim"]
[BlackTeam "Frankfurter TV"]

1. c4 c6 2. Nc3 d5 3. b3 e5 4. a3 d4 5. Na4 c5 6. g3 Nc6 7. Bg2 Bf5 8. d3 Nf6
9. Bg5 Qd6 10. Bxf6 Qxf6 11. Qc2 Be7 12. Nf3 Qe6 13. O-O e4 14. Nd2 e3 15. Ne4
Bxe4 16. Bxe4 Qd6 17. Nb2 exf2+ 18. Rxf2 h5 19. Raf1 h4 20. Bxc6+ bxc6 21. Rf3
hxg3 22. Rxg3 Bg5 23. Nd1 Bf4 24. Rxg7 Qh6 25. Rxf4 Qxh2+ 26. Kf1 Qxf4+ 27. Nf2
Rh1+ 28. Rg1 Rxg1+ 29. Kxg1 Ke7 30. Qd1 Rh8 31. Qe1 Qg3+ 32. Kf1 Rg8 33. e3
dxe3 34. b4 Qxf2+ 0-1

[Event "Frankfurt Ch A 2015"]
[Site "Ffm-Höchst, BiKuZ"]
[Date "2015.05.11"]
[Round "3.46"]
[White "Mehl, Ulrich"]
[Black "Raquet, Helmut"]
[Result "1/2-1/2"]
[WhiteElo "1571"]
[BlackElo "1644"]
[PlyCount "118"]
[EventDate "2015.??.??"]
[WhiteTeam "TSG Nieder-Erlenbach"]
[BlackTeam "SC Nied"]

1. d4 f5 2. c4 e6 3. Nf3 d5 4. cxd5 exd5 5. Nc3 c6 6. Bg5 Be7 7. Bxe7 Qxe7 8.
e3 Nf6 9. Ne5 O-O 10. Be2 Nbd7 11. Nd3 Ne4 12. O-O Kh8 13. Nxe4 fxe4 14. Nf4
Nf6 15. Rb1 Rg8 16. g3 g5 17. Ng2 Bh3 18. b4 Rg6 19. Rb3 Rh6 20. f4 g4 21. Rf2
Bxg2 22. Rxg2 Rg6 23. Qc2 h5 24. b5 Ne8 25. Qc5 Qd6 26. Bf1 Qxc5 27. dxc5 Nc7
28. Rc2 Rg7 29. bxc6 bxc6 30. Kf2 Kh7 31. Ra3 Kg6 32. Rb2 Ne6 33. Ra6 Rc7 34.
Ra5 Kf5 35. Rb4 Rac8 36. Raa4 Nxc5 37. Ra5 Ne6 38. Bc4 Kf6 39. Bb3 Ke7 40. Rba4
Ra8 41. Ke2 Kd6 42. Bc2 Rb7 43. Kd2 Nc7 44. Bxe4 dxe4 45. Rxh5 Rab8 46. Rh6+
Kc5 47. Ra5+ Kb6 48. Re5 Re8 49. Rxe8 Nxe8 50. Re6 Rd7+ 51. Kc3 Nc7 52. Rxe4
Rh7 53. f5 Rxh2 54. Rxg4 Rxa2 55. e4 Ra3+ 56. Kb4 Re3 57. f6 Ne6 58. f7 c5+ 59.
Kc4 Rf3 1/2-1/2

[Event "Frankfurt Ch A 2015"]
[Site "Ffm-Höchst, BiKuZ"]
[Date "2015.05.11"]
[Round "3.48"]
[White "Falkenhainer, Sven"]
[Black "Witt, Holger"]
[Result "0-1"]
[WhiteElo "1605"]
[BlackElo "1506"]
[PlyCount "116"]
[EventDate "2015.??.??"]
[WhiteTeam "SC Bergen-Enkheim"]
[BlackTeam "SC Viernheim"]

1. e4 c5 2. b3 Nc6 3. Bb2 e5 4. Nc3 Nge7 5. Bb5 d6 6. f4 a6 7. Bxc6+ Nxc6 8.
Nf3 Bg4 9. Nd5 Be7 10. Qe2 O-O 11. O-O Rc8 12. Qf2 Bxf3 13. Qxf3 Nd4 14. Bxd4
cxd4 15. Rac1 b5 16. f5 Bg5 17. f6 Bxf6 18. Nxf6+ gxf6 19. Qxf6 Qxf6 20. Rxf6
Rfd8 21. Kf2 Kg7 22. Rf3 Rd7 23. c4 Rdc7 24. d3 Rb8 25. Ke2 a5 26. Rc2 b4 27.
g4 Ra8 28. Rf1 a4 29. Rb1 a3 30. Kf3 Rh8 31. Rg1 Kf6 32. Rf2 Ke6 33. h4 f6 34.
Kg3 Rg8 35. Rgf1 Rf7 36. Rf5 h6 37. Kh3 Rg6 38. R5f2 Rg8 39. Rg1 Rfg7 40. Rc2
Rc8 41. Rf1 Rf7 42. Rcf2 Rcf8 43. Rf5 Rg8 44. Rh5 Rg6 45. Rff5 Rfg7 46. g5 hxg5
47. hxg5 fxg5 48. Kg4 Rg8 49. Rh7 R8g7 50. Rxg7 Rxg7 51. Rf8 Rf7 52. Rb8 Rf2
53. Rxb4 Rxa2 54. Ra4 Ra1 55. Ra6 a2 56. c5 Rg1+ 57. Kh5 a1=Q 58. Rxd6+ Ke7 0-1

[Event "Frankfurt Ch A 2015"]
[Site "Ffm-Höchst, BiKuZ"]
[Date "2015.05.11"]
[Round "3.50"]
[White "Weiland, Thomas"]
[Black "Bergner, Matthias"]
[Result "1/2-1/2"]
[WhiteElo "1756"]
[BlackElo "1558"]
[PlyCount "76"]
[EventDate "2015.??.??"]
[WhiteTeam "SV Oberursel"]
[BlackTeam "SV Neu-Isenburg"]

1. e4 e6 2. d4 d5 3. exd5 exd5 4. Nf3 Nf6 5. Bg5 Be7 6. Bd3 Bg4 7. h3 Bh5 8.
Nbd2 Nc6 9. c3 Qd6 10. Qc2 Bg6 11. Bxg6 hxg6 12. O-O-O O-O-O 13. Rde1 Rde8 14.
Re2 Nd7 15. Bxe7 Rxe7 16. Rxe7 Qxe7 17. Re1 Qd8 18. Qb3 Nf6 19. Ne5 Nxe5 20.
Rxe5 Re8 21. Nf3 Rxe5 22. Nxe5 Qe7 23. Qd1 Kd8 24. f4 Nd7 25. g4 Nxe5 26. dxe5
Qc5 27. Qd2 c6 28. b3 Qg1+ 29. Kb2 Qg3 30. c4 Qf3 31. cxd5 cxd5 32. Qa5+ b6 33.
Qxa7 Qf2+ 34. Kb1 Qe1+ 35. Kc2 Qe2+ 36. Kc3 Qe1+ 37. Kb2 Qd2+ 38. Kb1 Qd1+
1/2-1/2

[Event "Frankfurt Ch A 2015"]
[Site "Ffm-Höchst, BiKuZ"]
[Date "2015.05.11"]
[Round "3.51"]
[White "Jähnert, Wolfgang"]
[Black "Müller, Mark"]
[Result "1/2-1/2"]
[WhiteElo "1557"]
[BlackElo "1733"]
[PlyCount "76"]
[EventDate "2015.??.??"]
[WhiteTeam "SC Nidderau"]
[BlackTeam "SC Diez"]

1. d4 Nf6 2. g3 c5 3. Nf3 cxd4 4. Qxd4 Nc6 5. Qd1 e5 6. Bg2 Bc5 7. e3 O-O 8.
O-O d6 9. c3 a5 10. Nbd2 Rb8 11. Qc2 b5 12. b3 b4 13. Bb2 bxc3 14. Bxc3 Ba6 15.
Rfe1 Bb4 16. a3 Bxc3 17. Qxc3 Rc8 18. Qb2 Qb6 19. Bf1 Bxf1 20. Rxf1 e4 21. Nc4
Qc7 22. Nd4 Nxd4 23. Qxd4 d5 24. Nd2 Qc3 25. Qxc3 Rxc3 26. Rfc1 Rfc8 27. Rxc3
Rxc3 28. b4 axb4 29. axb4 Rc8 30. b5 Rb8 31. Nb3 Ne8 32. Nd4 Kf8 33. Rb1 Nd6
34. Kf1 Ke8 35. Ke2 Nc4 36. Ra1 Nd6 37. Ra5 g6 38. h4 Kd7 1/2-1/2

[Event "Frankfurt Ch A 2015"]
[Site "Ffm-Höchst, BiKuZ"]
[Date "2015.05.11"]
[Round "3.52"]
[White "Günther, Rainer"]
[Black "Varma, Christopher"]
[Result "1-0"]
[WhiteElo "1554"]
[BlackElo "1718"]
[PlyCount "47"]
[EventDate "2015.??.??"]
[WhiteTeam "SV Mainz-Mombach"]
[BlackTeam "SC Bad Nauheim"]

1. e4 e6 2. d4 d5 3. Nc3 Nf6 4. e5 Nfd7 5. Bb5 a6 6. Ba4 b5 7. Bb3 c5 8. dxc5
Nxe5 9. Qe2 Nbc6 10. Bf4 Nd4 11. Qxe5 Nc6 12. Qh5 Bxc5 13. Nf3 O-O 14. O-O Qb6
15. Ne2 a5 16. c3 b4 17. Bc2 g6 18. Qh6 f6 19. Bxg6 hxg6 20. Qxg6+ Kh8 21. Bh6
Ra7 22. Bxf8 Bxf8 23. Qxf6+ Rg7 24. Qxf8+ 1-0

[Event "Frankfurt Ch A 2015"]
[Site "Ffm-Höchst, BiKuZ"]
[Date "2015.05.11"]
[Round "3.53"]
[White "Kletzerman, Simon"]
[Black "Viol, Julius"]
[Result "0-1"]
[WhiteElo "1531"]
[BlackElo "1683"]
[PlyCount "140"]
[EventDate "2015.??.??"]
[WhiteTeam "TuS Makkabi"]
[BlackTeam "FC Bierstadt"]

1. e4 c5 2. Nf3 a6 3. c3 d6 4. d4 cxd4 5. cxd4 Nf6 6. Nc3 Bg4 7. Be2 g6 8. Be3
Bg7 9. h3 Bxf3 10. Bxf3 O-O 11. Qd2 Nc6 12. Rd1 Nd7 13. Ne2 Nb6 14. b3 Qc7 15.
Bh6 e5 16. Bxg7 Kxg7 17. d5 Ne7 18. h4 h6 19. g4 Rac8 20. Rc1 Qd7 21. g5 h5 22.
Ng3 Rxc1+ 23. Qxc1 Rc8 24. Qd2 Rh8 25. Kf1 Qb5+ 26. Be2 Qd7 27. Kg2 Ng8 28. f4
exf4 29. Qxf4 Qe7 30. Rf1 Nd7 31. Rc1 Ne5 32. Rc2 Qd7 33. Qc1 b5 34. Rc7 Qd8
35. Rb7 Ne7 36. Qc7 Qxc7 37. Rxc7 Nc8 38. Kf2 Rd8 39. Ke1 Nd7 40. Kd2 Ndb6 41.
Kc3 Rd7 42. Rc6 f6 43. Bf1 fxg5 44. hxg5 Rf7 45. Kd4 h4 46. Nf5+ gxf5 47. Bh3
f4 48. Bxc8 Nxc8 49. Rxc8 f3 50. Rc1 f2 51. Rf1 Rf3 52. e5 dxe5+ 53. Kxe5 Rf8
54. Ke6 Re8+ 55. Kd7 Re5 56. d6 h3 57. Rxf2 Rxg5 58. Rh2 Rh5 59. Kc6 Kf6 60. d7
Ke7 61. b4 Kd8 62. a3 Rh6+ 63. Kb7 Kxd7 64. Rd2+ Ke6 65. Rc2 Kf5 66. Rc6 Rxc6
67. Kxc6 h2 68. Kb6 h1=Q 69. Kxa6 Qa8+ 70. Kxb5 Qxa3 0-1

[Event "Frankfurt Ch A 2015"]
[Site "Ffm-Höchst, BiKuZ"]
[Date "2015.05.11"]
[Round "3.54"]
[White "Gude, Michael"]
[Black "Lanz, Jürgen"]
[Result "0-1"]
[WhiteElo "1661"]
[BlackElo "1526"]
[PlyCount "52"]
[EventDate "2015.??.??"]
[WhiteTeam "SF Fürth"]
[BlackTeam "SC Hattersheim"]

1. e4 c6 2. d4 d5 3. e5 Bf5 4. Nf3 e6 5. Be2 h6 6. Nbd2 g5 7. h3 Nd7 8. Nb3 Qc7
9. Be3 Ne7 10. Bd3 Bxd3 11. Qxd3 Nf5 12. g4 Nxe3 13. fxe3 O-O-O 14. Ke2 Nb6 15.
Nbd2 Bg7 16. a4 f6 17. a5 Nd7 18. exf6 Bxf6 19. c4 Kb8 20. b4 dxc4 21. Qxc4 e5
22. Ne4 exd4 23. Nxf6 d3+ 24. Qxd3 Nxf6 25. Qc4 Rhe8 26. Kf2 Ne4+ 0-1

[Event "Frankfurt Ch A 2015"]
[Site "Ffm-Höchst, BiKuZ"]
[Date "2015.05.11"]
[Round "3.56"]
[White "Leibold, Mathias"]
[Black "Richter, Wolfram"]
[Result "1-0"]
[WhiteElo "1616"]
[BlackElo "1521"]
[PlyCount "155"]
[EventDate "2015.??.??"]
[WhiteTeam "SV Fechenheim"]
[BlackTeam "SK Bad Sooden-Allendorf"]

1. e4 d6 2. d4 Nf6 3. Nc3 g6 4. Bg5 Bg7 5. Bc4 c6 6. Nge2 b5 7. Bb3 b4 8. Bxf6
Bxf6 9. Nb1 Bg4 10. f3 Bd7 11. c3 c5 12. dxc5 bxc3 13. Nbxc3 O-O 14. cxd6 Nc6
15. dxe7 Nxe7 16. Qd3 Qc7 17. O-O Rad8 18. Rac1 Qb6+ 19. Kh1 Nc6 20. Nd5 Nb4
21. Nxf6+ Qxf6 22. Qd4 Qa6 23. Qxb4 Qxe2 24. Rfe1 Qa6 25. Rc7 Rfe8 26. Qc4 Qf6
27. Qc3 Qb6 28. Qc5 Qf6 29. Qxa7 Be6 30. Bxe6 Qxe6 31. a3 Rd2 32. b4 Qa2 33.
Rg1 Red8 34. Rcc1 Rf2 35. b5 Rdd2 36. Qb8+ Kg7 37. Qe5+ Kh6 38. Qg3 Rb2 39. Ra1
Qb3 40. a4 Ra2 41. Rxa2 Rxa2 42. Qe5 Rxa4 43. Qd5 Rb4 44. Qxb3 Rxb3 45. h3 Rxb5
46. Rd1 Rb7 47. Kh2 Kg5 48. Kg3 Rc7 49. f4+ Kh6 50. Kf3 Kg7 51. e5 h5 52. g4
hxg4+ 53. hxg4 g5 54. Rd6 gxf4 55. Kxf4 Ra7 56. Kf5 Ra1 57. Rd4 Re1 58. Rf4 Re2
59. Re4 Rf2+ 60. Kg5 Rf1 61. e6 fxe6 62. Rxe6 Kf7 63. Re5 Rg1 64. Ra5 Ke6 65.
Kh5 Rh1+ 66. Kg6 Rg1 67. g5 Rg2 68. Rf5 Rg1 69. Rf6+ Ke7 70. Rf3 Ke6 71. Re3+
Kd6 72. Kf6 Rf1+ 73. Kg7 Kd7 74. g6 Kd8 75. Kg8 Kd7 76. g7 Rf2 77. Rh3 Ke6 78.
Kh8 1-0

[Event "Frankfurt Ch A 2015"]
[Site "Ffm-Höchst, BiKuZ"]
[Date "2015.05.11"]
[Round "3.57"]
[White "Imelmann, Esther"]
[Black "Lehmann, Gerit"]
[Result "1/2-1/2"]
[WhiteElo "1590"]
[BlackElo "1487"]
[PlyCount "84"]
[EventDate "2015.??.??"]
[WhiteTeam "Vorw.Orient Mainz"]
[BlackTeam "SF Frankfurt"]

1. d4 Nf6 2. c4 e6 3. Nc3 d5 4. Nf3 c5 5. cxd5 exd5 6. dxc5 Bxc5 7. e3 Nc6 8.
a3 a6 9. b4 Be7 10. Bb2 O-O 11. h3 h6 12. Bd3 Be6 13. Ne2 Qd7 14. Ned4 Nxd4 15.
Nxd4 Rfc8 16. Qf3 Qd6 17. O-O Nd7 18. Nf5 Bxf5 19. Bxf5 g6 20. Bxd7 Qxd7 21.
Rfd1 Qe6 22. Rxd5 f6 23. Rad1 Rc2 24. Ba1 Rac8 25. Rd7 b5 26. Qb7 Kf8 27. Qf3
Rc1 28. Rxc1 Rxc1+ 29. Rd1 Qc6 30. Qxc6 Rxc6 31. Bd4 Kf7 32. g3 f5 33. Kf1 Rc2
34. Ke1 Ra2 35. Ra1 Rc2 36. Rd1 Ra2 37. Ra1 Rc2 38. Rb1 Ke6 39. Rb2 Rxb2 40.
Bxb2 Kd5 41. Kd2 Kc4 42. Kc2 Bd6 1/2-1/2

[Event "Frankfurt Ch A 2015"]
[Site "Ffm-Höchst, BiKuZ"]
[Date "2015.05.11"]
[Round "3.58"]
[White "Muthig, Holger"]
[Black "Wagner, Günter"]
[Result "0-1"]
[WhiteElo "1512"]
[BlackElo "1529"]
[PlyCount "98"]
[EventDate "2015.??.??"]
[WhiteTeam "vereinslos"]
[BlackTeam "SV Groß-Gerau"]

1. d4 Nf6 2. c4 g6 3. Nc3 d5 4. cxd5 Nxd5 5. e4 Nxc3 6. bxc3 Bg7 7. Bc4 O-O 8.
Ne2 c5 9. Be3 Nc6 10. O-O Na5 11. Bd3 c4 12. Bc2 b5 13. Rb1 a6 14. f4 Bg4 15.
Qd2 Nb7 16. Ng3 Bd7 17. f5 e5 18. d5 Nd6 19. fxg6 fxg6 20. Rxf8+ Bxf8 21. Rf1
Nf7 22. Qf2 Be8 23. Bb6 Qd6 24. Bd1 Rb8 25. Ba5 Qa3 26. Bb4 Bxb4 27. cxb4 Qxb4
28. Bg4 Qd6 29. Be6 Qb6 30. Nh1 Kg7 31. Qxb6 Rxb6 32. Nf2 Nd6 33. Re1 b4 34.
Ng4 b3 35. axb3 cxb3 36. Nxe5 a5 37. Nd3 a4 38. e5 Nf7 39. Rc1 a3 40. d6 b2 41.
Rb1 Nxd6 42. exd6 Rxd6 43. Nxb2 Rxe6 44. Nc4 a2 45. Ra1 Ra6 46. Ne3 Bf7 47. Kf2
Rb6 48. Ke2 Rb1 49. Nc2 Bb3 0-1

[Event "Frankfurt Ch B 2015"]
[Site "Ffm-Höchst, BiKuZ"]
[Date "2015.05.11"]
[Round "3.1"]
[White "Urbach, Jens"]
[Black "Wöhl, Torsten"]
[Result "1-0"]
[WhiteElo "1408"]
[BlackElo "1307"]
[PlyCount "29"]
[EventDate "2015.??.??"]
[WhiteTeam "SF Frankfurt"]
[BlackTeam "SC Groß-Zimmern"]

1. e4 e5 2. Nf3 Nc6 3. d4 exd4 4. Nxd4 Qf6 5. Be3 Bc5 6. c3 a5 7. Bc4 Nge7 8.
O-O Nxd4 9. Bxd4 Bxd4 10. cxd4 d6 11. Nc3 Bd7 12. Re1 O-O 13. e5 dxe5 14. dxe5
Qc6 15. Bb5 1-0

[Event "Frankfurt Ch B 2015"]
[Site "Ffm-Höchst, BiKuZ"]
[Date "2015.05.11"]
[Round "3.2"]
[White "Giebitz, Walter"]
[Black "Mongi, Mario"]
[Result "1-0"]
[WhiteElo "1326"]
[BlackElo "1263"]
[PlyCount "93"]
[EventDate "2015.??.??"]
[WhiteTeam "SC Steinbach"]
[BlackTeam "SF Frankfurt"]

1. e4 c5 2. Nc3 Nc6 3. Nf3 d6 4. Bb5 a6 5. Be2 g6 6. d4 cxd4 7. Nxd4 Bg7 8. Be3
Nf6 9. O-O Ne5 10. h3 b5 11. Nf3 Ned7 12. a4 b4 13. Nd5 Nxe4 14. Nxb4 Bxb2 15.
Qd5 Nc3 16. Qxa8 Nxe2+ 17. Kh1 Bxa1 18. Rxa1 O-O 19. Qd5 Qc7 20. Re1 Bb7 21.
Qb3 Bxf3 22. gxf3 Qb7 23. Nd5 Qxb3 24. cxb3 e6 25. Ne7+ Kg7 26. Rxe2 Nb8 27.
Rc2 Kf6 28. Nc6 Rc8 29. Nd4 Rxc2 30. Nxc2 Nc6 31. b4 e5 32. b5 axb5 33. axb5
Na5 34. Nb4 Ke6 35. Kg2 f5 36. h4 Kd7 37. f4 e4 38. f3 Nc4 39. Kf2 exf3 40.
Kxf3 Nxe3 41. Kxe3 Kc7 42. Kd4 Kb6 43. Kc4 h5 44. Nd5+ Kb7 45. Ne7 g5 46. hxg5
h4 47. Nxf5 1-0